Vista normal
Vista MARC
Entrada Nombre Corporativo
Número de registros utilizados en: 1
001 - NUMERO DE CONTROL
- control field: 27693
003 - CONTROL NUMBER IDENTIFIER
- control field: AR-RoUNA
005 - FECHA Y HORA DE LA ÚLTIMA TRANSACCIÓN
- control field: 20260420120533.0
008 - ELEMENTOS DE DATOS DE LONGITUD FIJA
- fixed length control field: 260420|| aca||aabn | a|a d
040 ## - FUENTE DE CATALOGACIÓN
- Original cataloging agency: AR-RoUNA
- Transcribing agency: AR-RoUNA
110 ## - NOMBRE CORPORATIVO
- Nombre corporativo: España. Ministerio de Obras Públicas y Urbanismo.
- Subordinate unit: Instituto del Territorio y Urbanismo. Federación Española de Municipios y Provincias Madrid
670 ## - SOURCE DATA FOUND
- Source citation: Work cat.: (AR-RoUNA)12391: España. Ministerio de Obras Públicas y Urbanismo. Instituto del Territorio y Urbanismo. Federación Española de Municipios y Provincias Madrid, Planeamiento especial y rehabilitación urbana , 1986.